QCM Chair de Poule - Statistiques

Statistiques générales
  • Ce quiz a été pris 25 fois
  • Le résultat moyen est 11 sur 20
Statistiques - réponses
Question Réponse % Correct
Dans l'épisode "Place aux vieux", que cuisine la tante Dahlia pour provoquer le vieillissement prématuré de ses deux neveux ? Gâteaux aux pruneaux
75%
Quel est l'intrus parmi ces titres de livres de la collection ? L'académie des zombies
75%
Dans lequel de ces épisodes, R.L.Stine lui-même, fait-il l'introduction et la conclusion ? Le Masque hanté
75%
Lequel de ces livres de la collection Chair de Poule n'a jamais été adapté en épisode (TV) ? Méfiez-vous des abeilles
75%
Quel acteur a été révélé comme personnage principal dans l'épisode "Dangereuses photos" ? Ryan Gosling
75%
Lequel de ces objets ne figure pas dans le titre d'un livre de la collection ? Table
75%
Dans l'épisode "La Maison du non retour", combien de temps doit rester le nouveau du quartier dans une maison hantée, afin d'entrer dans le club de trois enfants ? 1 heure
63%
Dans le générique, de quelle couleur sont les yeux du chien sous un porche ? Jaune
63%
Quelle menace n'apparait pas dans la série télé ? Le Croque-mitaine
63%
Dans quel livre, deux enfants sont-ils de plus en plus effrayés par leur père, en lien avec ses expériences ? Sous-sol interdit
63%
Dans un épisode au titre du même nom, à l'aide de quel objet Seth met il des gens en mode "pause" ? Télecommande
63%
Dans l'épisode "Le Sang du monstre ", de quelle couleur est la matière visqueuse vivante qui se trouve être du sang de monstre ? Verte
63%
Dans quelle ville se situe "la Tour de la terreur" réputée pour sa salle de torture et d'emprisonnement ? Londres
50%
Que peut-on entendre dans la version française du générique de l'adaptation télé ? Attention mes jeunes amis… spectateurs sensibles s'abstenir !
38%
Quelle actrice de la série Grey's Anatomy se retrouve avec une tête de cochon, après avoir triché lors d'une vente de limonade dans l'épisode "Revers de fortune" ? Caterina Scorsone (Amelia)
38%
Juste après le générique, il est inscrit "Leçons de piano et pièges mortels - Partie 1" pour annoncer le titre de l'épisode. Quelle est l'incohérence ? Il n'y a qu'une seule partie pour cet épisode et il n'y a jamais eu de suite
38%
Dans l'épisode "Le Pantin maléfique - partie 1", comment s'appelle le pantin réveillé par Slappy ? Rocky
38%
Dans combien d'épisodes de la série télé apparait Slappy ? 4
25%
Dans quel épisode, un père propose à ses enfants d'être les premiers à visiter à bord d'une attraction les studios composés de créatures horrifiques, destinées à figurer dans des films d'épouvante ? La Rue maudite
25%
Quel livre a été publié (1ère édition) en 1er parmi les quatre propositions ? Le Fantôme de la plage
25%
Aucun quiz correspondant
Distribution des résultats
% des personnes avec chaque résultat
Percentile par nombre de réponses
Votre historique - résultats
Vous n’avez pas pris ce quiz